000 00452nam a2200193Ia 4500
008 151121s9999||||xx |||||||||||||| ||und||
082 _a823/Cap
082 _bHNW-917
100 _aCapote truman
245 4 _aThe grass harp
260 _b"The New American Lib, N।Y।"
260 _c--
300 _a127
600 _aCapote truman
630 _aThe grass harp
700 _aCapote truman
730 _aThe grass harp
942 _cBOOK
999 _c1210237
_d1210234